|
|
|
|
| LEADER |
00000naa a2200000 4500 |
| 001 |
vtls011925854 |
| 003 |
SK-MaSNL |
| 005 |
20260302143455.0 |
| 008 |
200327|2019 xo o g|| |0|| ||slo |
| 015 |
|
|
|a SNBRA 2015
|2 svkbbbg
|
| 038 |
|
|
|a SVKBBBG
|
| 040 |
|
|
|a SVKBBBG
|b slo
|c SVKBBBG
|e rda
|
| 041 |
0 |
|
|a slo
|
| 043 |
|
|
|a e-xo---
|
| 044 |
|
|
|a xo
|c SK
|
| 072 |
|
7 |
|a 94(437)
|x Dejiny Česka a Slovenska
|2 konspekt
|
| 080 |
|
|
|a 94(437.6)"1944"
|2 2011
|
| 080 |
|
|
|a 725.945
|2 2011
|
| 080 |
|
|
|a 358.4-051
|2 2011
|
| 080 |
|
|
|a (437.6)
|2 2011
|
| 080 |
|
|
|a 323.25/.26:329.18
|2 2011
|
| 100 |
1 |
|
|a Bolerázsky, Andrej
|4 aut
|9 267572
|
| 245 |
1 |
0 |
|a Odchod piešťanskej posádky do povstania v auguste 1944 alebo príbeh jedného pomníka
|c Andrej Bolerázsky
|
| 300 |
|
|
|b Fotografie
|
| 336 |
|
|
|a text
|b txt
|2 rdacontent
|
| 337 |
|
|
|a bez média
|b n
|2 rdamedia
|
| 338 |
|
|
|a zväzok
|b nc
|2 rdacarrier
|
| 504 |
|
|
|a Bibliografické odkazy
|
| 650 |
0 |
7 |
|a Slovenské národné povstanie (1944)
|2 SNKPH
|9 177948
|
| 650 |
0 |
7 |
|a pomníky
|2 SNKPH
|9 3013
|
| 650 |
0 |
7 |
|a vojenskí letci
|2 SNKPH
|9 75808
|
| 650 |
0 |
7 |
|a protifašistický odboj
|2 SNKPH
|9 4751
|
| 651 |
|
7 |
|a Piešťany (Slovensko)
|2 SNKPHgeo
|9 23981
|
| 773 |
0 |
|
|t Trnava a SNP : protifašistický odboj v Trnavskom kraji
|d Banská Bystrica : Múzeum Slovenského národného povstania, 2019
|g S. 82-106
|z 9788089514649
|
| 852 |
|
|
|a SVKBB
|b KIS3GCP
|
| 958 |
|
|
|a NB
|
| 999 |
|
|
|c 1344713
|d 1346643
|